|
|
|
|
| LEADER |
00777cam a2200241 7i4500 |
| 001 |
0000033087 |
| 005 |
20100823090000.0 |
| 008 |
100823 eng |
| 020 |
|
|
|a 9780205506682 (pbk.)
|
| 020 |
|
|
|a 0205506682 (pbk.)
|
| 040 |
|
|
|a DLC
|
| 090 |
0 |
0 |
|a PN83
|b .B76 2010
|
| 100 |
1 |
|
|a Browne, M. Neil
|
| 245 |
1 |
0 |
|a Asking the right questions :
|b a guide to critical thinking
|c M. Neil Browne, Stuart M. Keeley.
|
| 250 |
|
|
|a 9th ed.
|
| 260 |
|
|
|a Upper Saddle River, N.J.:
|b Prentice Hall,
|c 2010.
|
| 300 |
|
|
|a xii, 179 p.:
|b ill.;
|c 23 cm.
|
| 500 |
|
|
|a Includes index
|
| 650 |
0 |
0 |
|a Critical thinking
|
| 650 |
0 |
0 |
|a Criticism
|
| 700 |
1 |
|
|a Keeley, Stuart M
|
| 997 |
|
|
|a Centre for Graduate Studies
|
| 999 |
|
|
|a 0000042293
|b BOK
|c OPEN SHELF
|e 1st Floor, Shah Alam
|